000 00629cam a2200193 a 4500
001 000003131
005 20200929150334.0
008 840430s1903 sp 000 p spa
040 _aDO-SdBNP
_bspa
_cBNPHU
082 _a861
_bC198o
100 1 _aCampoamor, Ramon de,
_d1817-1901.
_99880
245 1 0 _aObras poéticas completas :
_bpoemas, poesías, fabulas /
_cR. De Campoamor.
260 _aBarcelona :
_bSopena,
_c[19--].
300 _a2 t. : ;
_c19 cm.
500 _aLa biblioteca sólo posee el tomo 2.
650 4 _aPoesía española
_9631
650 4 _aLiteratura española
_9632
910 _aValidado. Control de calidad MFF
999 _c2962
_d2962